Normal view
MARC view
Entry Topical Term
001 - CONTROL NUMBER
- control field: 13355
003 - CONTROL NUMBER IDENTIFIER
- control field: BD-RjUL
005 - DATE AND TIME OF LATEST TRANSACTION
- control field: 20240627095913.0
008 - FIXED-LENGTH DATA ELEMENTS
- fixed length control field: 240627|| aca||aabn | a|a d
040 ## - CATALOGING SOURCE
- Original cataloging agency: BD-RjUL
- Transcribing agency: BD-RjUL
150 ## - HEADING--TOPICAL TERM
- Topical term or geographic name entry element: Horticulture
- Form subdivision: Irrigation
- General subdivision: Potato
670 ## - SOURCE DATA FOUND
- Source citation: Work cat.: (BD-RjUL)83922: Khan, Md. Anis 13354, Effect of Different Levels of Irrigation and Potassium on some Agronomical Characters and Yield of Four High Yielding Varieties of Potato (Solanum Tuberosum) /, 2009